000 00467nam a22000977a 4500
999 _c2935
_d2935
008 190128b ||||| |||| 00| 0 eng d
100 _aHanke, Wolff
245 _aUnited Nations Vienna specialized catalogue (1st Ed.)
260 _aSchomberg, [ Germany]
_bLindner Falzlos-Gesellschaft KG,
_c1981
650 _aUnited Nations -- Offices in Vienna, Austria (1979-) | Catalogs and Price Lists | Austria -- Vienna | Topical Collecting | United Nations Postal Administration, Vienna